Littérature 2 - Statistiques

Statistiques générales
  • Ce quiz a été pris 90 fois
    44 depuis la dernière actualisation
  • Le résultat moyen est 29 sur 45
Statistiques - réponses
Livre Auteur % Correct
La Peste Albert Camus
100%
Vingt mille lieues sous les mers Jules Verne
97%
Zadig ou la destinée Voltaire
97%
Le Comte de Monte-Cristo Alexandre Dumas
94%
Les fourberies de Scapin Molière
94%
Notre-Dame de Paris Victor Hugo
94%
Hamlet William Shakespeare
94%
Le Speen de Paris Charles Baudelaire
92%
Au bonheur des dames Emile Zola
92%
L'éducation sentimentale Gustave Flaubert
92%
Le hobbit JR Tolkien
86%
Le crime de l'Orient-Express Agathe Christie
83%
Le procès Franz Kafka
81%
Le ferme des animaux George Orwell
81%
Andromaque Jean Racine
81%
Le château de ma mère Marcel Pagnol
81%
Eugénie Grandet Honoré de Balzac
72%
La cantatrice Chauve - La leçon Eugène Ionesco
69%
La promesse de l'aube Romain Gary
69%
J'irai cracher sur vos tombes Boris Vian
67%
Les raisins de la colère John Steinbeck
67%
Horace Pierre Corneille
67%
La chartreuse de Parme Stendhal
67%
Lorenzaccio Alfred de Musset
64%
Le barbier de Séville Beaumarchais
64%
Une vie Guy de Maupassant
64%
Vol de nuit Antoine de Saint-Exupéry
61%
Raison et sentiments Jane Austen
61%
Faust Goethe
58%
L'appel de la forêt Jack London
58%
Le joueur Dostoievski
53%
Mort à crédit Louis-Ferdinand Céline
53%
Un barrage contre le Pacifique Marguerite Duras
50%
David Copperfield Charles Dickens
47%
Vingt-quatre heures de la vie d'une femme Stefan Zweig
44%
La religieuse Denis Diderot
39%
L'île des esclaves Pierre de Marivaux
39%
Carmen Prosper Mérimée
31%
Ravage René Barjavel
31%
L'étrange cas du Docteur Jekyll et de Monsieur Hyde Robert Louis Stevenson
31%
Le livre de ma mère Albert Cohen
22%
Aimez-vous Brahms ... Françoise Sagan
22%
Un roi sans divertissement Jean Giono
22%
Le fantôme de Canterville et autres contes Oscar Wilde
19%
La trêve Primo Levi
8%
Aucun quiz correspondant
Distribution des résultats
% des personnes avec chaque résultat
Percentile par nombre de réponses
Votre historique - résultats
Vous n’avez pas pris ce quiz depuis la dernière actualisation